Operations Management (Record no. 4636)

MARC details
005 - DATE AND TIME OF LATEST TRANSACTION
control field 20250623085618.0
020 ## - INTERNATIONAL STANDARD BOOK NUMBER
International Standard Book Number 0-07-392217-X
082 ## - DEWEY DECIMAL CLASSIFICATION NUMBER
Classification number 658.5 CHA
100 ## - MAIN ENTRY--PERSONAL NAME
Author name CHASE, B. R
245 ## - TITLE STATEMENT
Title Operations Management
250 ## - EDITION STATEMENT
Edition statement 9th Ed.
260 ## - PUBLICATION, DISTRIBUTION, ETC.
Place of publication, distribution, etc. New York
Name of publisher, distributor, etc. McGraw-Hill Irwin
Date of publication, distribution, etc. 2001.
300 ## - PHYSICAL DESCRIPTION
Extent 360p.: ill.; figures
Dimensions 27cm
700 ## - ADDED ENTRY--PERSONAL NAME
Other authors/Editors Nichoulas J, Aquilano
700 ## - ADDED ENTRY--PERSONAL NAME
Other authors/Editors F. Robert Jacobs
700 ## - ADDED ENTRY--PERSONAL NAME
Other authors/Editors Morris A. cOHEN
700 ## - ADDED ENTRY--PERSONAL NAME
Other authors/Editors Uday M. Apte
700 ## - ADDED ENTRY--PERSONAL NAME
Other authors/Editors Wallace J. Hopp
942 ## - ADDED ENTRY ELEMENTS (KOHA)
Source of classification or shelving scheme Dewey Decimal Classification
Koha item type Books
Holdings
Date last seen Total checkouts Full call number Barcode Cost, replacement price Price effective from Koha item type Lost status Source of classification or shelving scheme Damaged status Not for loan Withdrawn status Home library Current library Shelving location Date acquired Source of acquisition Cost, normal purchase price
06/23/2025   658.5 CHA MZA0001961 60000.00 06/23/2025 Books   Dewey Decimal Classification       CBE Mwanza CBE Mwanza General Collection 09/27/2017 Library Budget 20000.00
06/23/2025   658.5 CHA MZA0001962 60000.00 06/23/2025 Books   Dewey Decimal Classification       CBE Mwanza CBE Mwanza General Collection 09/27/2017 Library Budget 20000.00
06/23/2025   658.5 CHA MZA0001963 60000.00 06/23/2025 Books   Dewey Decimal Classification       CBE Mwanza CBE Mwanza General Collection 09/27/2017 Library Budget 20000.00
06/23/2025   658.5 CHA MZA0001964 60000.00 06/23/2025 Books   Dewey Decimal Classification       CBE Mwanza CBE Mwanza General Collection 09/27/2017 Library Budget 20000.00